[Event "FIDE World Ch (w)"]
[Site "New Delhi IND"]
[Date "2000.12.06"]
[Round "4.1"]
[White "Kovalevskaya, Ekaterina"]
[Black "Peng Zhaoqin"]
[Result "1-0"]
[WhiteElo "2475"]
[BlackElo "2403"]
[EventDate "2000.11.27"]
[PlyCount "51"]

1.e4 e6 2.d4 d5 3.Nc3 Bb4 4.exd5 exd5 5.Qf3 Nc6 6.Bb5 Ne7 7.Bf4 Bf5 8.
O-O-O Qd7 9.h3 O-O-O 10.g4 Bg6 11.Nge2 a6 12.Ba4 h5 13.Be3 hxg4 14.hxg4 
Rxh1 15.Rxh1 b5 16.Bb3 Bxc3 17.Nxc3 b4 18.Na4 Be4 19.Qe2 Nb8 20.f3 Bg6 21.
Bg5 f6 22.Bf4 Nec6 23.Qd2 Be8 24.Nc5 Qf7 25.Qd3 Na7 26.Qf5+ 1-0